| 000 | 00574nam a2200205Ia 4500 | ||
|---|---|---|---|
| 003 | LK-CoDNM | ||
| 008 | 010623t xxu||||| |||| 00| 1 sin d | ||
| 040 |
_aLK-CoDNM _dLK-CoDNM _eLK-CoDNM |
||
| 041 | _asin | ||
| 080 | _ax 929 WIJ | ||
| 100 | _aVitharana, Vini | ||
| 245 | _aගුණපාල සේනාධීර අභිනන්දනය | ||
| 246 | _aGunapala Senadeera felicitation volume | ||
| 260 |
_bS.Godage _aColombo |
||
| 300 | _b(viii)151, 22 cm | ||
| 650 | _aBiography | ||
| 650 | _aGunapala Senadeera | ||
| 700 | _aWijayasuriya, Wimala | ||
| 942 | _cBK | ||
| 999 |
_c138065 _d138065 |
||